bloodonmyhands - Tate McRae Lyrics - Statistics

General Stats
  • This quiz has been taken 32 times
  • The average score is 325 of 425
Answer Stats
Answer % Correct
a
100%
blood
100%
go
100%
got
100%
hands
100%
I
100%
(I
100%
my
100%
on
100%
so
100%
some
100%
you
100%
you)
100%
to
96%
damn
91%
for
91%
it
91%
he
87%
(he
87%
I'm
87%
man
87%
me
87%
the
87%
and
83%
boy
83%
(boy)
83%
disease
83%
fallin'
83%
(fallin')
83%
new
83%
that
83%
was
83%
your
83%
you're
83%
fucks
78%
in
78%
is
78%
oh
78%
(oh
78%
please
78%
then
78%
up
78%
ain't
74%
baby
74%
but
74%
hard
74%
I'd
74%
like
74%
night
74%
seein'
74%
back
70%
be
70%
can
70%
didn't
70%
know
70%
stars
70%
(stars)
70%
think
70%
when
70%
all
65%
call
65%
can't
65%
can't)
65%
held
65%
mind
65%
one
65%
goin'
61%
hates
61%
if
61%
secrets
61%
were
61%
answer
57%
cross
57%
dance
57%
drunk
57%
kills
57%
(kills
57%
prepared
57%
side
57%
they
57%
throwin'
57%
time
57%
bounced
52%
callin'
52%
(callin')
52%
fight
52%
found
52%
(found)
52%
let
52%
lines
52%
play
52%
streets
52%
war
52%
worst
52%
anothe
48%
another
48%
around
48%
club
48%
half
48%
it's
48%
move
48%
moved
48%
as
43%
attack
43%
begging
43%
bothered
43%
down
43%
feelings
43%
fucking
43%
hit
43%
inside
43%
kept
43%
knew
43%
messin'
43%
niggas
43%
of
43%
out
43%
pretty
43%
pride
43%
second
43%
won't
43%
workin'
43%
worth
43%
choices
39%
couple
39%
drinks
39%
fast
39%
hurtin'
39%
okay
39%
them
39%
vault
39%
wanna
39%
where'd
39%
don't
35%
holdin'
35%
no)
35%
stay
35%
yeah)
35%
yeah
35%
forgot
30%
lotta
30%
sick
30%
get
26%
grip
26%
scheming
26%
stallin'
26%
stallin')
26%
walk
26%
believe
22%
through
22%
has
17%
month
17%
over
17%
mine
13%
No matching quizzes found
Score Distribution
Percent of People with Each Score
Percentile by Number Answered
Your Score History
You have not taken this quiz